01424nam a22003617a 4500003000500000005001700005008004100022010001000063011001000073035001000083040000900093090001000102100004000112245021700152260003800369300001000407500001100417502010000428590003700528590004100565590004100606590004100647590004100688590004200729650003100771650002300802650003400825901000700859942001000866949004200876999001700918952012700935CHAP20220329141446.0971013s1988 r 00010 d a68489 a69461 a78937 cCHAP aTesis00aSánchez Pérez, Elpidio.9107756 aEvaluación de cuatro productos para el control de Erwinia carotovon subsp. corotovona (Jones) Borg. en dos cultivares de lechuga (Lactuca sativa L.) en el Campo Experimental de la F.A.U.A.N.L. en Marín, N. L. aMarín, N. L. :bEl autor,c1988 a79 h. a29-126 aTesis (Ing. Agrónomo Pasitolólogo) -- Univ. Autónoma de Nuevo León. Fac. de Agronomía aALEPHb10c20130110lUCH01h1405 aBATCH-UPDb10c20130110lUCH01h0352 aBATCH-UPDb10c20130110lUCH01h2041 aBATCH-UPDb10c20130410lUCH01h0025 aBATCH-UPDb10c20130914lUCH01h1435 aCONVERSIONb10c20130109lUCH01h133814aErwinia carotovora.93735914aFungicidas.94404414aLechugaxEnfermedades.965458 aBK cTESIS bBCcTESd-31814eTS1h21240i78937si c68489d68489 00102local4051708TESISaBCbBCcPA_TESISd2019-12-31fTESISl0oTesisp-31814r2019-12-31 00:00:00w2019-12-31yTESIS